000 00353nam a2200133Ia 4500
005 20260328104319.0
008 260328s9999||||xx |||||||||||||| ||und||
100 _aDal Co, Francesco
245 0 _aLos Museos de James Stirling, Michael Wilford y Asociados /
_cFrancesco Dal Co
260 _bElecta
300 _a226 p.
650 _aMUSEOS
942 _cBK
999 _c11304
_d11304